[Event "45th Olympiad 2024"]
[Site "Budapest HUN"]
[Date "2024.09.18"]
[Round "7.65"]
[Board "2"]
[White "Lim Teck Guan, Rodney"]
[Black "Stetsenko, Ilya"]
[Result "1-0"]
[WhiteElo "1931"]
[BlackElo "1903"]
[PlyCount "96"]
[EventDate "2024.09.11"]
[WhiteTeam "Brunei Darussalam"]
[BlackTeam "Aruba"]
[BlackTeamCountry "ARN"]

1. d4 Nf6 2. c4 e6 3. Nc3 Bb4 4. Nf3 b6 5. g3 Bxc3+ 6. bxc3 Bb7 7. Bg2 O-O 8. O-O d6 9. Bg5 Nbd7 ({RR} 9... h6 10. Bxf6 Qxf6 11. Qd3 Re8 12. e4 e5 13. Nd2 Nc6 14. Nb3 Ba6 15. f4 Qe7 16. Rf2 Rad8 17. Raf1 f6 18. Rd1 Nb8 19. Nd2 Nc6 20. Nf1 Na5 21. Ne3 c6 22. fxe5 dxe5 23. Qe2 Qf7 24. d5 {0-1 Li,C (2757)-Fedoseev,V (2664) Karlsruhe Grenke op 2016 (9)}) 10. Re1 Qe7 $146 ({RR} 10... h6 11. Bxf6 Qxf6 12. e4 Qe7 13. Nd2 e5 14. Rb1 a5 15. a4 Rad8 16. Nb3 Ba6 17. Bf1 Ra8 18. Bd3 Bc8 19. Rb2 Nf6 20. Qd2 Bd7 21. Ra2 Rfe8 22. d5 Rf8 23. Rf1 Bh3 24. Re1 Rae8 25. f3 {1-0 Weissbeck,W-Schmidt,F Giessen op 1996 (2)}) ({RR} 10... h6 11. Bd2 Qe7 12. Qc2 Be4 13. Qc1 e5 14. Nh4 Bxg2 15. Nxg2 Qe6 16. Ne3 Ng4 17. Nxg4 Qxg4 18. f3 Qe6 19. d5 Qg6 20. e4 f5 21. Qc2 fxe4 22. Qxe4 Qh5 23. Kg2 Rae8 24. Be3 Nf6 25. Qc2 {0-1 Robledo,C (2202)-Martinez Pla,X (2261) Titled Tue 28th May Early 2024 (6)}) ({RR} 10... h6 11. Ne5 Bxg2 12. Nxd7 Qxd7 13. Bxf6 Bb7 14. Bh4 g5 15. Qd2 f6 {0-1 Marichal Gonzalez,A (2294)-Ortega Amarelle,M (2459) Barquisimeto IRT op 2012 (6)}) ({RR} 10... h6 11. Bf4 Ne4 12. Qc2 f5 13. Nd2 Ndf6 14. f3 Ng5 15. Bxg5 hxg5 16. e4 f4 17. e5 dxe5 18. Rxe5 fxg3 19. Rxg5 gxh2+ 20. Kh1 Qd6 21. Qg6 Rf7 22. Re5 c5 23. f4 Bxg2+ 24. Qxg2 Raf8 25. Rae1 {0-1 MacIntyre,B (1502)-Dupree,C (1636) San Francisco TNM Spring op 2017 (6)}) 11. Nd2 Bxg2 12. Kxg2 e5 13. e4 h6 14. Bxf6 Qxf6 15. Qf3 Qxf3+ 16. Nxf3 Rae8 17. Re2 g5 18. h4 g4 19. Nh2 h5 20. f3 f5 21. Rae1 f4 22. Rf2 Nf6 23. d5 Kh8 24. fxg4 Nxg4 25. Nxg4 hxg4 26. Ref1 f3+ 27. Kg1 Rc8 28. c5 bxc5 29. Rb2 Rb8 30. Rff2 Rb6 31. Rxb6 cxb6 32. c4 Rb8 33. a4 a6 34. Rb2 b5 35. Kf2 Kg7 36. Ke3 Kf7 37. axb5 axb5 38. cxb5 c4 39. Kd2 Ke7 40. Kc3 Rf8 41. Rf2 Rc8 42. b6 Kd7 43. Ra2 Rb8 44. Ra7+ Kd8 45. h5 Rxb6 46. h6 Rb3+ 47. Kc2 Rb1 48. Kxb1 f2 1-0

[Event "45th Olympiad 2024"]
[Site "Budapest HUN"]
[Date "2024.09.18"]
[Round "7.65"]
[Board "3"]
[White "Croes, Octavio"]
[Black "Pg. Shahridin, Ak. Abdul Wafie"]
[Result "0-1"]
[WhiteElo "1850"]
[BlackElo "1912"]
[PlyCount "58"]
[EventDate "2024.09.11"]
[WhiteTeam "Aruba"]
[BlackTeam "Brunei Darussalam"]
[WhiteTeamCountry "ARN"]

1. d4 f5 2. c4 e6 3. g3 Nf6 4. Bg2 d5 5. Nf3 c6 6. O-O Bd6 7. b3 O-O 8. Bb2 Qe7 9. Nbd2 Nbd7 10. Ne5 Ne4 11. Nxe4 fxe4 12. f3 Nxe5 13. dxe5 Bc5+ 14. Bd4 exf3 15. exf3 Bd7 $146 ({RR} 15... dxc4 16. Bf2 cxb3 17. Qxb3 b6 18. f4 Ba6 19. Bxc6 Rac8 20. Bb5 Bxf2+ 21. Rxf2 Bxb5 22. Qxb5 g5 23. Rd1 gxf4 24. gxf4 Rxf4 25. Rxf4 Qg5+ 26. Kh1 Qxf4 27. Qd7 Qf3+ 28. Kg1 Qe3+ 29. Kh1 Qe4+ 30. Kg1 {0-1 Marks,I (1919)-Goodger,M (2113) Gibraltar Masters 6th 2008 (4)}) 16. cxd5 cxd5 17. f4 g6 18. Rc1 Rac8 19. h3 Bxd4+ 20. Qxd4 Qa3 21. Qd2 Bb5 22. Rxc8 Rxc8 23. Bxd5 Qc5+ 24. Rf2 Qxd5 25. Qxd5 exd5 26. g4 d4 27. f5 d3 28. e6 Rc1+ 29. Kh2 Rc2 0-1

[Event "45th Olympiad 2024"]
[Site "Budapest HUN"]
[Date "2024.09.18"]
[Round "7.65"]
[Board "4"]
[White "Akmal, Ahmad"]
[Black "Pesqueira, Jose"]
[Result "1-0"]
[WhiteElo "1830"]
[BlackElo "1880"]
[PlyCount "65"]
[EventDate "2024.09.11"]
[WhiteTeam "Brunei Darussalam"]
[BlackTeam "Aruba"]
[BlackTeamCountry "ARN"]

1. e4 c5 2. c3 d5 3. exd5 Qxd5 4. d4 Nf6 5. Nf3 Bg4 6. Be2 e6 7. O-O Be7 8. Na3 O-O 9. Nb5 ({RR} 9. h3 Bh5 10. Nc2 cxd4 11. Ncxd4 Nc6 12. Nxc6 bxc6 13. Qa4 c5 14. Be3 Qb7 15. Ba6 Qc7 16. Bf4 Bd6 17. Bxd6 Qxd6 18. Be2 Nd5 19. Rfd1 Qb6 20. Rd2 Rab8 21. Ne5 Bxe2 22. Rxe2 Qc7 23. Rae1 Rfc8 {½-½ Barrionuevo,P (2363)-Pierrot,J (2421) Villa Ballester de Invierno op 8th 2008 (4)}) ({RR} 9. Nc2 Qd8 10. dxc5 {½-½ Qiu,X-Halldorsson,K (1809) Reykjavik Open 2023 (5.135)}) 9... Na6 10. Be3 cxd4 11. Nbxd4 e5 $146 ({RR} 11... Nc5 12. Qc2 e5 13. Nf5 Bxf5 14. Qxf5 e4 15. Qxd5 Nxd5 16. Bxc5 Bxc5 17. Nd4 e3 18. Bf3 exf2+ 19. Rxf2 Rad8 20. Rd2 Rd7 21. Kh1 Rfd8 22. Nb3 b6 23. Rad1 {½-½ Berglitz,R (2072)-Vine,E (2162) GER-chT2 (Women) 0405 2004 (4)}) 12. Nb3 Qxd1 13. Raxd1 Rfd8 14. h3 Bxf3 15. Bxf3 e4 16. Be2 Nc7 17. Nd4 g6 18. Bc4 Ncd5 19. Bc1 Rac8 20. Bb3 a6 21. Rfe1 b5 22. g4 b4 23. g5 Nh5 24. Rxe4 Bf8 25. Nf3 Ne7 26. Rxd8 Rxd8 27. Ne5 Nd5 28. Rd4 Bg7 29. Bxd5 Rf8 30. f4 Ng3 31. Kf2 Nf5 32. Rxb4 Nd6 33. Rb6 1-0

[Event "45th Olympiad 2024"]
[Site "Budapest HUN"]
[Date "2024.09.18"]
[Round "7.66"]
[Board "1"]
[White "D'Amico, Nicola"]
[Black "Mwale, Joseph"]
[Result "0-1"]
[WhiteElo "1801"]
[BlackElo "2063"]
[PlyCount "36"]
[EventDate "2024.09.11"]
[WhiteTeam "San Marino"]
[BlackTeam "Malawi"]
[WhiteTeamCountry "SMR"]
[BlackTeamCountry "MWI"]

1. e4 e5 2. Nf3 Nc6 3. Bc4 Nf6 4. d3 Bc5 5. O-O d6 6. c3 h6 7. Nbd2 g5 ({RR} 7... a6 8. Bb3 Qe7 9. Re1 Bg4 10. Nf1 Nh7 11. h3 Bh5 12. Ng3 Bg6 13. d4 Ba7 14. Ba4 O-O 15. Bxc6 bxc6 16. dxe5 dxe5 17. Qa4 Qd6 18. Rd1 Qe6 19. Qa5 Bb6 20. Qxe5 Rfe8 21. Qxe6 Rxe6 22. e5 {½-½ Haslinger,S (2506)-Hutchinson,P (2213) BCF-ch rapidplay 2008 (11)}) 8. b4 Bb6 9. a4 a6 ({RR} 9... a5 10. b5 Ne7 11. d4 Ng6 12. Bb2 O-O 13. h3 Nxe4 14. Nxe4 d5 15. Bxd5 Kg7 16. dxe5 {1-0 Kochiev,I (2074)-Liascovich,L (2419) Titled Tue 6th Aug Late 2024 (4)}) 10. Ra3 $146 ({RR} 10. Re1 Be6 11. Bb3 Nd7 12. Nf1 g4 13. N3d2 Qf6 14. Ne3 h5 15. Ndf1 Ne7 16. Bb2 Rg8 17. Bxe6 fxe6 18. Qe2 Ng6 19. g3 Ke7 20. a5 Ba7 21. Rac1 Ngf8 22. Rc2 Nh7 23. Rd1 Ng5 24. Kg2 Raf8 {0-1 Schwenke,M (1265)-Braeutigam,K (1744) GER-ch U12 Girls 2020 (7)}) 10... g4 11. Ne1 h5 12. Kh1 h4 13. f4 g3 14. b5 h3 15. bxc6 hxg2+ 16. Kxg2 Rxh2+ 17. Kxg3 Nh5+ 18. Kf3 Bg4+ 0-1

[Event "45th Olympiad 2024"]
[Site "Budapest HUN"]
[Date "2024.09.18"]
[Round "7.66"]
[Board "2"]
[White "Chipanga, Chiletso"]
[Black "Righi, Ezio"]
[Result "1-0"]
[WhiteElo "2089"]
[BlackElo "1909"]
[PlyCount "57"]
[EventDate "2024.09.11"]
[WhiteTeam "Malawi"]
[BlackTeam "San Marino"]
[WhiteTeamCountry "MWI"]
[BlackTeamCountry "SMR"]

1. e4 c5 2. Nf3 e6 3. d4 cxd4 4. Nxd4 a6 5. c4 Nf6 6. Nc3 Bb4 7. Bd3 Nc6 8. Nxc6 ({RR} 8. a3 Bxc3+ 9. bxc3 d6 10. O-O Ne5 11. f4 Nxd3 12. Qxd3 e5 13. fxe5 dxe5 14. Bg5 h6 15. Bh4 exd4 16. e5 dxc3 17. Qxd8+ Kxd8 18. exf6 g5 19. Bg3 Be6 20. Rac1 Bxc4 21. Rfe1 Kd7 22. Re7+ Kc6 {1-0 Kramnik,V (2754)-Svidler,P (2735) Corus Wijk aan Zee 2005 (6)}) 8... bxc6 9. O-O d6 ({RR} 9... e5 10. Kh1 d6 11. Qa4 Bc5 12. b4 Bd4 13. Bb2 O-O 14. Nd1 c5 15. Bxd4 exd4 16. bxc5 dxc5 17. Qc6 Be6 18. Qxc5 Rc8 19. Qb4 Ng4 20. Rc1 Qh4 21. Qd6 Rfd8 22. Qg3 Qh6 23. f4 Rc5 24. Nf2 {0-1 Saulin,G (1740)-Zakaryan,D (2310) Small Land Blitz 2023 (5.10)}) 10. Ne2 $146 ({RR} 10. Qa4 Bc5 11. Bg5 Qc7 12. b4 Bd4 13. Rac1 Nd7 14. Ne2 Ba7 15. Bf4 c5 16. b5 O-O 17. Qc2 Ne5 18. a4 Bb6 19. Bd2 axb5 20. axb5 Bb7 21. Nc3 Qe7 22. Be2 g5 23. f4 gxf4 24. Bxf4 Ba5 {0-1 Illingworth,M (2401)-Ly,M (2376) AUS-ch Major 2011 (6)}) 10... Qc7 11. Ng3 O-O 12. Bg5 Nd7 13. Qh5 g6 14. Qh4 f6 15. Bh6 Rf7 16. f4 Bc5+ 17. Kh1 Rb8 18. Rab1 Bd4 19. b4 c5 20. Ne2 Be3 21. Qh3 Bd2 22. f5 Bxh6 23. fxe6 Ne5 24. exf7+ Nxf7 25. Qg3 Ne5 26. Nc3 Bg7 27. Nd5 Qf7 28. bxc5 Rxb1 29. Rxb1 1-0

[Event "45th Olympiad 2024"]
[Site "Budapest HUN"]
[Date "2024.09.18"]
[Round "7.66"]
[Board "3"]
[White "Volpinari, Danilo"]
[Black "Kamwendo Precious"]
[Result "1-0"]
[WhiteElo "1939"]
[BlackElo "2001"]
[PlyCount "105"]
[EventDate "2024.09.11"]
[WhiteTeam "San Marino"]
[BlackTeam "Malawi"]
[WhiteTeamCountry "SMR"]
[BlackTeamCountry "MWI"]

1. e4 e5 2. Nf3 Nf6 3. Nxe5 d6 4. Nf3 Nxe4 5. Nc3 Nxc3 6. dxc3 Be7 7. Be3 O-O 8. Qd2 Nc6 9. O-O-O Be6 10. Kb1 Ne5 ({RR} 10... Qd7 11. h4 Bg4 12. Re1 Bxf3 13. gxf3 Rae8 14. h5 Ne5 15. Be2 Bf6 16. h6 g6 17. f4 Nc6 18. Rhg1 Qf5 19. Bd3 Qa5 20. f5 Ne7 21. Bg5 Nd5 22. Rxe8 Nxc3+ 23. bxc3 Bxc3 24. Qe3 Qb4+ 25. Kc1 {1-0 Nisipeanu,L (2583)-Abdulov,O (2382) 35th Czech Open A 2024 (8.2)}) 11. Nd4 Nc4 ({RR} 11... Bd7 12. f4 Ng4 13. Bd3 Re8 14. Rhe1 Bh4 15. g3 Nxe3 16. Rxe3 Bf6 17. Rxe8+ Qxe8 18. h3 c5 19. Nf5 Bxf5 20. Bxf5 Qc6 21. Qd3 c4 22. Qxd6 Qxd6 23. Rxd6 h5 24. a4 Rd8 25. Rxd8+ Bxd8 26. Be4 {½-½ Naiditsch,A (2715)-Fridman,D (2633) Grenke Chess Classic 2nd 2014 (4)}) 12. Qe2 $146 ({RR} 12. Bxc4 Bxc4 13. Nf5 Bf6 14. Ng3 Re8 15. Nh5 Be6 16. h4 Be7 17. Bd4 Bf8 18. f3 c5 19. Bf2 Qa5 20. b3 Be7 21. c4 Qb6 22. Qc3 Bf8 23. g4 a5 24. a4 Qc6 25. Nf4 b6 26. h5 Rad8 {1-0 Barthel,A (2236)-Braun,J Hassloch op 21st 2006 (5)}) ({RR} 12. Bxc4 Bxc4 13. g4 Qd7 14. f4 Bd5 15. Rhg1 Be4 16. Rdf1 f5 17. gxf5 Bxf5 18. Qg2 Bf6 19. Qd5+ {1-0 Budima,A (2191)-Uruci,B (2250) KOS-ch final 2016 (7)}) ({RR} 12. Bxc4 Bxc4 13. b3 Be6 14. c4 Bd7 15. h4 a6 16. h5 b5 17. h6 g6 18. Nf3 bxc4 19. Qc3 Bf6 20. Bd4 Bxd4 21. Qxd4 f6 22. Qxc4+ Rf7 23. Nd4 a5 24. a4 Qc8 25. Rhe1 Kf8 26. Re3 Qb7 {1-0 Hoepfl,T (2313)-Dexter,D (2249) Oberliga Ost-A 0506 2005 (9.2)}) 12... Nxe3 13. Qxe3 Bd7 14. Bd3 g6 15. h4 Kg7 16. h5 Rh8 17. Rh2 Bf6 18. h6+ Kf8 19. Re1 a5 20. Rhh1 a4 21. a3 Ra5 22. f4 c5 23. Nf3 Be6 24. Ng5 Bxg5 25. fxg5 b5 26. Rhf1 Kg8 27. Rf6 Qe7 28. Qf2 Qe8 29. Be4 Ra7 30. Bd5 Re7 31. Bxe6 Rxe6 32. Rfxe6 fxe6 33. Qf6 Qf7 34. Rxe6 Qxf6 35. Rxf6 d5 36. Kc1 d4 37. Kd2 dxc3+ 38. Kxc3 b4+ 39. Kd3 bxa3 40. bxa3 c4+ 41. Kd4 c3 42. Ra6 Kf7 43. Rxa4 Rd8+ 44. Kxc3 Rd5 45. Ra7+ Ke6 46. Rxh7 Rxg5 47. Rb7 Rxg2 48. a4 Rh2 49. h7 Kd6 50. a5 Kc6 51. a6 Rh3+ 52. Kb4 g5 53. Rg7 1-0

[Event "45th Olympiad 2024"]
[Site "Budapest HUN"]
[Date "2024.09.18"]
[Round "7.66"]
[Board "4"]
[White "Mwale, George"]
[Black "Piva, Michele"]
[Result "1-0"]
[WhiteElo "2056"]
[BlackElo "1721"]
[PlyCount "77"]
[EventDate "2024.09.11"]
[WhiteTeam "Malawi"]
[BlackTeam "San Marino"]
[WhiteTeamCountry "MWI"]
[BlackTeamCountry "SMR"]

1. Nf3 {Huebner,Robert} d5 2. d4 Nf6 3. g3 Bf5 4. Bg2 e6 5. O-O Be7 6. c4 O-O 7. Nc3 c6 8. cxd5 ({RR} 8. Ne5 Nbd7 9. Nxd7 Qxd7 10. Qb3 Rac8 11. Rd1 dxc4 12. Qa4 ({RR} 12. Qxc4 Bc2 13. Rd2 b5) 12... b5 13. Qa6 Nd5 14. e4 Nb4 15. Qa5 Bg4 16. f3 Nc2 17. Rb1 Bh5 18. d5 a6 19. Kh1 Qb7 {0-1 Weiss,C (2444)-Mitkov,N (2509) EU-chT (Men) 12th 1999 (9.1)}) 8... cxd5 9. Qb3 b6 ({RR} 9... Qc8 10. Nh4 Bg4 11. Be3 Nc6 12. Nf3 a6 13. Qd1 Bf5 14. Rc1 Qd7 15. Na4 Qc7 16. Ne5 Ng4 17. Nxc6 bxc6 18. Bf4 Bd6 19. Bxd6 Qxd6 20. Nc5 Rfb8 21. b3 Rb5 22. Rc3 e5 23. e3 e4 24. Qd2 {½-½ Balmaceda,E (1976)-O'Byrne,D (1669) NATO-ch 31st 2021 (1.42)}) 10. Bf4 $146 ({RR} 10. Ne5 Nfd7 11. g4 Nxe5 12. gxf5 Ng4 13. fxe6 fxe6 14. Nxd5 Bh4 15. Be3 Qd6 16. f4 Nc6 17. h3 Nxe3 18. Nxe3 Rac8 19. Rad1 Kh8 20. d5 exd5 21. Nxd5 Na5 22. Qd3 Nc4 23. Qb3 Qc5+ 24. Kh1 Qa5 {½-½ Purgaj,C (1724)-Landmann,A (1853) Chiasso 2days op 2020 (2)}) 10... Nc6 11. Rac1 Na5 12. Qd1 a6 13. Na4 Ne4 14. Bc7 Qd7 15. Nxb6 Qb5 16. Nxa8 Rxa8 17. Bxa5 Qxa5 18. Qb3 Bb4 19. a3 Nd2 20. axb4 Nxb3 21. bxa5 Nxc1 22. Rxc1 f6 23. Nh4 Bg4 24. f3 Bh5 25. Bh3 Bf7 26. Rc6 f5 27. Bf1 g5 28. Ng2 Kg7 29. e3 Kf6 30. Rxa6 Rc8 31. Rb6 Be8 32. a6 Ra8 33. b4 h5 34. b5 Ke7 35. Rb7+ Kd8 36. b6 Bd7 37. a7 Kc8 38. Ba6 g4 39. Rb8# 1-0

[Event "45th Olympiad 2024"]
[Site "Budapest HUN"]
[Date "2024.09.18"]
[Round "7.67"]
[Board "1"]
[White "Van Bemmelen, Ursus"]
[Black "Asante Debesai Zerabruk"]
[Result "0-1"]
[WhiteElo "2146"]
[BlackElo "1908"]
[PlyCount "112"]
[EventDate "2024.09.11"]
[WhiteTeam "Netherlands Antilles"]
[BlackTeam "Eritrea"]
[WhiteTeamCountry "AHO"]
[BlackTeamCountry "ERI"]

1. c4 Nf6 2. Nc3 g6 3. g3 Bg7 4. Bg2 O-O 5. e4 d6 6. Nge2 c5 7. d3 Nc6 8. O-O Bg4 9. h3 Bxe2 10. Nxe2 Ne8 11. Rb1 ({RR} 11. a3 Nc7 12. Rb1 a5 13. Be3 a4 14. Nc3 Ne6 15. Nxa4 Qa5 16. b3 Ned4 17. f4 Nxb3 18. Rxb3 Qxa4 19. Rxb7 Qa6 20. Qb1 Rfb8 21. Rb5 Rc8 22. e5 Qxa3 23. Rb6 Nb4 24. Bxa8 Qxa8 25. d4 dxe5 {1-0 Maghsoodloo,P (2676)-Kovalev,V (2648) Titled Tuesday intern op 15th Sept blitz 2020 (6)}) 11... Nc7 12. Kh2 $146 ({RR} 12. f4 Ne6 13. Be3 Ned4 14. Bxd4 Nxd4 15. Nxd4 Bxd4+ 16. Kh1 Qa5 17. a4 Qb4 18. b3 a6 19. Qe1 Bc3 20. Qe2 Rab8 21. f5 Be5 22. Qg4 b5 23. axb5 axb5 24. Rf3 Ra8 25. fxg6 hxg6 26. Rbf1 bxc4 {0-1 Novak,J (1828)-Sergeev,V (2430) Orlova op 10th 2013 (6)}) ({RR} 12. Be3 Ne6 13. Qd2 Rb8 14. a3 a5 15. Nc3 Ned4 16. b3 b5 17. a4 bxc4 18. bxc4 Rb4 19. Qa2 Nf3+ 20. Bxf3 Bxc3 21. Bg2 Qd7 22. Kh1 Rfb8 23. Rfc1 Qb7 24. Rxb4 Qxb4 25. f4 Bd4 26. Qf2 Qb2 {0-1 Araujo,B (1781)-De Oliveira,Y (1964) IV Niteroi Chess Open 2024 (3.29)}) ({RR} 12. f4 Ne6 13. f5 Ned4 14. Nf4 Rb8 15. g4 Be5 16. b3 b5 17. g5 Nb4 18. Rf2 {½-½ Bondarenko,V (2325)-Tikhanov,A (2235) St Petersburg White Nights op 1999 (8)}) 12... Ne6 13. f4 Ned4 14. Nc3 f5 15. Be3 Rb8 16. Qd2 a6 17. Rbe1 Qd7 18. Bf2 Kh8 19. b3 b5 20. exf5 gxf5 21. Nd5 Rfe8 22. Qd1 e6 23. Ne3 Bh6 24. Qh5 Qg7 25. Bg1 Qg6 26. Qxg6 hxg6 27. g4 Kg8 28. Bxc6 Nxc6 29. Nc2 Bg7 30. Re2 Kf7 31. Kg3 Bf6 32. Be3 Re7 33. Kg2 Rbe8 34. Ref2 Rd7 35. Rh1 Bh4 36. Rff1 Rde7 37. Bf2 Bf6 38. Be3 e5 39. gxf5 gxf5 40. fxe5 Rxe5 41. Rf3 Nb4 42. Nxb4 cxb4 43. Bf4 Re2+ 44. Rf2 Bd4 45. Rxe2 Rxe2+ 46. Kf3 Rf2+ 47. Kg3 Rxa2 48. cxb5 axb5 49. Bxd6 Rb2 50. Kf4 Ke6 51. Bxb4 Be5+ 52. Ke3 f4+ 53. Ke4 Re2+ 54. Kf3 Re3+ 55. Kg4 Rg3+ 56. Kh4 Rg8 0-1

[Event "45th Olympiad 2024"]
[Site "Budapest HUN"]
[Date "2024.09.18"]
[Round "7.67"]
[Board "2"]
[White "Weldegebriel Beraki, Kibrom"]
[Black "Capella, Rurik"]
[Result "1-0"]
[WhiteElo "1885"]
[BlackElo "1971"]
[PlyCount "118"]
[EventDate "2024.09.11"]
[WhiteTeam "Eritrea"]
[BlackTeam "Netherlands Antilles"]
[WhiteTeamCountry "ERI"]
[BlackTeamCountry "AHO"]

1. d4 d6 2. Nf3 g6 3. c4 Bg7 4. Nc3 Nf6 5. e4 O-O 6. Be2 e5 7. d5 Na6 8. Bg5 h6 9. Bh4 Qe8 10. Nd2 Nxe4 ({RR} 10... g5 11. Bg3 h5 12. a3 c5 13. f3 Nh7 14. Bf2 f5 15. b4 b6 16. Rb1 Bd7 17. Bd3 Qe7 18. h4 Bh6 19. Qe2 Nf6 {½-½ Aseev,K (2530)-Makarov,M (2520) RUS-chT 03rd 1995 (6)}) ({RR} 10... Nc5 11. f3 a5 12. b3 Nh5 13. O-O Nf4 14. Qc2 f5 15. a3 g5 16. Bf2 Qh5 17. Rae1 g4 18. Bxc5 dxc5 19. Bd1 Ra6 20. exf5 Bxf5 21. Nde4 Rg6 22. Qd2 Qh4 23. Ng3 gxf3 24. Bxf3 e4 25. Bxe4 {0-1 Kaniak,M (1796)-Rajlich,V (1596) TCh-POL 2nd League 2023 (5.83)}) 11. Ndxe4 f5 12. f3 g5 $146 ({RR} 12... fxe4 13. Nxe4 Bf5 14. Bd3 Nc5 15. O-O Nxd3 16. Qxd3 g5 17. Bg3 Qg6 18. Rae1 b6 19. Qe3 Rf7 20. h3 a5 21. a4 Bd7 22. b3 Raf8 23. Bh2 Qh5 24. Rf2 Bf6 25. g4 Qg6 26. Kg2 h5 27. Rh1 {½-½ Atkinson,P (2103)-Hoeckendorf,H (2130) Oberliga Nord O 2122 2021 (8.7)}) 13. Bf2 fxe4 14. Nxe4 Bf5 15. O-O g4 16. Rc1 Qg6 17. Ng3 gxf3 18. Bxf3 Bd3 19. Re1 Rf4 20. Bh5 Qh7 21. b3 Nb4 22. Qd2 Nc2 23. Red1 Raf8 24. Qxd3 Qxd3 25. Rxd3 Rxf2 26. Bf3 Nb4 27. Re3 Rxa2 28. Nh5 Bf6 29. Be4 Bg5 30. Rg3 Kh8 31. Rd1 Re2 32. Bf3 Re3 33. Rg4 Rxb3 34. h4 Be3+ 35. Kh2 Nd3 36. Rg6 Bf4+ 37. g3 Rb2+ 38. Bg2 Nf2 39. Re1 Nd3 40. Rf1 e4 41. Nxf4 e3 42. Rxh6+ Kg7 43. Rg6+ Kh7 44. Re6 Ne5 45. Kh3 e2 46. Re1 Rb3 47. Be4+ Kg8 48. Kg2 Re3 49. Rxe2 Rxe2+ 50. Nxe2 Nxc4 51. Nd4 Ne5 52. h5 a5 53. Nf5 Ng4 54. Rg6+ Kf7 55. Rxg4 Kf6 56. Nd4 Rh8 57. Rf4+ Ke7 58. g4 a4 59. Nb5 Ra8 1-0

[Event "45th Olympiad 2024"]
[Site "Budapest HUN"]
[Date "2024.09.18"]
[Round "7.67"]
[Board "3"]
[White "Van Opstal, Rurik"]
[Black "Lilay Weldu Gebru"]
[Result "1-0"]
[WhiteElo "2006"]
[BlackElo "1977"]
[PlyCount "63"]
[EventDate "2024.09.11"]
[WhiteTeam "Netherlands Antilles"]
[BlackTeam "Eritrea"]
[WhiteTeamCountry "AHO"]
[BlackTeamCountry "ERI"]

1. e4 c5 2. Nf3 Nc6 3. d4 cxd4 4. Nxd4 Nxd4 5. Qxd4 e6 6. Nc3 d6 ({RR} 6... Nf6 7. Be3 a6 {½-½ Salinnikov,D (2260)-Kahn,E (2370) Budapest FS06 IM 1997 (9)}) 7. Be3 ({RR} 7. Bc4 Nf6 8. Bg5 Be7 9. O-O O-O 10. Rad1 d5 11. exd5 Nxd5 12. Bxe7 Qxe7 13. Nxd5 exd5 14. Qxd5 Be6 15. Qe4 Bxc4 16. Qxe7 Bxf1 17. Kxf1 Rab8 18. Rd7 Rfe8 19. Qxf7+ Kh8 20. Qxg7# {1-0 Balafoutas,A (1162)-Kolias,E GRE-ch Online Rapid op 1st 2021 (3)}) 7... Bd7 8. O-O-O $146 ({RR} 8. Bd3 Qf6 9. Nb5 Bxb5 10. Bxb5+ Kd8 11. Qb4 a5 12. Bb6+ Ke7 13. Qc4 Qe5 14. O-O-O d5 15. exd5 Qb8 16. dxe6 Qc8 17. Rd7+ Kf6 18. Rxf7+ {1-0 Hakizimana,J-Rwamavubi,A Olympiad-40 Istanbul 2012 (6.2)}) 8... Qa5 9. Bc4 Nf6 10. f4 e5 11. Qd3 a6 12. h3 Be7 13. g4 Bc6 14. g5 Nd7 15. h4 Rc8 16. f5 b5 17. Bb3 b4 18. Nd5 Bxd5 19. Bxd5 Nc5 20. Bxc5 Qxc5 21. Qb3 f6 22. Bf7+ Kf8 23. Rd2 a5 24. Qe6 fxg5 25. Kb1 gxh4 26. Ka1 a4 27. Bh5 g6 28. fxg6 hxg6 29. Qxg6 Rxh5 30. Rf1+ Bf6 31. Rxf6+ Ke7 32. Qg7+ 1-0

[Event "45th Olympiad 2024"]
[Site "Budapest HUN"]
[Date "2024.09.18"]
[Round "7.67"]
[Board "4"]
[White "Samuel Merhawi Gebrehiwet"]
[Black "Van Delden, Johan"]
[Result "1-0"]
[WhiteElo "1788"]
[BlackElo "1909"]
[PlyCount "103"]
[EventDate "2024.09.11"]
[WhiteTeam "Eritrea"]
[BlackTeam "Netherlands Antilles"]
[WhiteTeamCountry "ERI"]
[BlackTeamCountry "AHO"]

1. d4 d5 2. Nf3 Nf6 3. g3 e6 4. Bg2 Be7 5. O-O O-O 6. c4 c6 7. b3 Nbd7 8. Bb2 Qc7 9. Nbd2 ({RR} 9. Nc3 Rd8 10. Qc2 Qa5 11. e4 dxe4 12. Nxe4 Nxe4 13. Qxe4 Ba3 14. Bxa3 Qxa3 15. Qe2 Nf6 16. Rad1 Bd7 17. Ne5 Be8 18. c5 Qa5 19. Nc4 Qc7 20. Qe5 Qxe5 21. dxe5 Nd5 22. Nd6 Rd7 23. Rd2 Kf8 {1-0 Makarov,M (2515)-Ris,B (2250) Belgrade Trako 1993 (6)}) 9... Ne4 ({RR} 9... b6 10. Rc1 Bb7 11. Ne5 c5 12. cxd5 exd5 13. Ndf3 Bd6 14. Nxd7 Nxd7 15. Nh4 Rfe8 16. Nf5 Bf8 17. dxc5 bxc5 18. Bxd5 Bxd5 19. Qxd5 Nb6 20. Qf3 Qd7 21. Nh6+ Kh8 22. Rfd1 Qe6 23. Nxf7+ Kg8 24. Ng5 {1-0 Wong Pages,J (2025)-Lopez Cardona,D (1889) 17th American Continental 2024 (7.84)}) 10. Nxe4 dxe4 11. Nd2 $146 ({RR} 11. Ne5 f5 12. Qc2 Nf6 13. Rfd1 Rd8 14. f3 exf3 15. Bxf3 Bd7 16. Nxd7 Qxd7 17. e3 Rac8 18. Bc3 Bd6 19. Qg2 Be7 20. Rd2 Qc7 21. e4 fxe4 22. Bxe4 e5 23. d5 Bc5+ 24. Kh1 Be3 25. Rd3 Ng4 {1-0 Titorenko,N (2140)-Kabanova,I (1974) RUS-ch Seniors (Women) 2011 (3)}) 11... f5 12. e3 c5 13. Qc2 b6 14. f3 exf3 15. Nxf3 Bb7 16. Rad1 Rae8 17. Ne1 Bg5 18. Qd3 e5 19. Bxb7 Qxb7 20. d5 e4 21. Qe2 Qc7 22. Ng2 Ne5 23. Bxe5 Qxe5 24. Nf4 Bxf4 25. gxf4 Qf6 26. Kh1 Kh8 27. Rg1 Rg8 28. Rg5 Rd8 29. Rdg1 g6 30. Qf2 Rd7 31. Qg3 Rdg7 32. Qe1 Rc8 33. R5g2 Kg8 34. Qa1 Kf7 35. Qxf6+ Kxf6 36. h4 Rcg8 37. Kh2 h6 38. Kh3 g5 39. fxg5+ hxg5 40. Rxg5 Rxg5 41. Rxg5 Re8 42. Kg3 Ke5 43. h5 Rh8 44. Rg6 f4+ 45. exf4+ Kd4 46. h6 Kd3 47. Re6 Rg8+ 48. Kf2 Rg4 49. d6 Rxf4+ 50. Ke1 Rf8 51. d7 Ke3 52. Re8 1-0

[Event "45th Olympiad 2024"]
[Site "Budapest HUN"]
[Date "2024.09.18"]
[Round "7.68"]
[Board "1"]
[White "Cogan, Nicolas"]
[Black "Khan, Taffin"]
[Result "1-0"]
[WhiteElo "2112"]
[BlackElo "2066"]
[PlyCount "131"]
[EventDate "2024.09.11"]
[WhiteTeam "Cote d’Ivoire"]
[BlackTeam "Guyana"]
[BlackTeamCountry "GUY"]

1. d4 e6 2. c4 Bb4+ 3. Bd2 a5 4. a3 Bxd2+ 5. Qxd2 f5 6. Nc3 Nf6 7. e3 b6 8. Bd3 Bb7 9. f3 O-O 10. Nge2 Qe7 $146 ({RR} 10... Nc6 11. O-O Nh5 12. e4 Qh4 13. f4 fxe4 14. Nxe4 a4 15. Rf3 Qe7 16. Rh3 g6 17. Rf1 Qg7 18. Qc3 Ne7 19. Bc2 Bxe4 20. Bxe4 Ra5 21. Bc2 Nf6 22. Kh1 Nf5 23. Ng1 Ng4 24. Bxf5 Raxf5 25. Rhf3 {½-½ Blery,G (2114)-Bauduin,E (2281) FRA-chT2 North 0607 2006 (3.3)}) 11. O-O c5 12. d5 Kh8 13. e4 d6 14. Nf4 fxe4 15. fxe4 Bc8 16. h3 e5 17. Nfe2 Na6 18. Ng3 g6 19. Rf3 Bd7 20. Raf1 Ng8 21. Bc2 Nc7 22. Ba4 Rxf3 23. Rxf3 Kg7 24. Bxd7 Qxd7 25. Qf2 Qe7 26. Nd1 Rf8 27. Ne3 Rxf3 28. Qxf3 Nh6 29. Ng4 Nf7 30. Qb3 h5 31. Nf2 Na8 32. Qb5 Qc7 33. Qe8 Qd8 34. Qc6 Kf8 35. Nd1 Qb8 36. Qd7 Qc7 37. Qe6 Kg7 38. Ne3 Nh6 39. Qe8 h4 40. Ngf1 Qb7 41. Qd8 Nf7 42. Qxh4 Qd7 43. g4 Qd8 44. Qxd8 Nxd8 45. h4 Nf7 46. Kf2 Nc7 47. Nd2 Ne8 48. Nb1 Nf6 49. Nc3 Kf8 50. Kf3 Ke7 51. Na4 Nd7 52. g5 Kd8 53. Kg4 Kc7 54. h5 Nf8 55. Nc3 Kd7 56. Na4 Kc7 57. Nc3 Kd7 58. Nf1 Kc7 59. Nd2 Kd7 60. Nf3 Nh8 61. Nh4 Ke7 62. Na4 Kf7 63. Nxb6 gxh5+ 64. Kxh5 Nhg6 65. Nxg6 Nxg6 66. Nc8 1-0